Ibertex a l'abast dels ajuntaments i dels ciutadans : informació municipal informació municipal
Descripción Física:
[6] p. : il. ; 21 cm
MARC
| LEADER | 00000nam a2200000Ia 4500 | ||
|---|---|---|---|
| 001 | 15037 | ||
| 008 | 160829s9999 xx 000 0 cat d | ||
| 080 | |a FU-33-41 | ||
| 245 | |a Ibertex a l'abast dels ajuntaments i dels ciutadans : |b informació municipal | ||
| 260 | |a [Barcelona] : |b Diputació de Barcelona, DL 1993 | ||
| 300 | |a [6] p. : |b il. ; |c 21 cm | ||
| 650 | |a Ibertex (Sistema de videotext) |9 21903 | ||
| 650 | |a Videotext |9 21904 | ||
| 650 | |a Serveis d'informació a la comunitat |9 21905 | ||
| 710 | 1 | |a Barcelona (Catalunya : Província). |b Diputació |9 52408 | |
| 901 | |a Arxiu | ||
| 942 | |n 1 | ||
| 952 | |0 0 |1 0 |4 0 |6 FU3341 |7 1 |9 41922 |a Arxiu |b Arxiu |d 2016-12-01 |l 0 |o FU-33-41 |p 15037 |r 2016-12-01 00:00:00 |w 2016-12-01 |y ARXIU | ||
| 999 | |c 44369 |d 44369 | ||